[Event "Fitzroy Hjorth op"]
[Site "Fitzroy"]
[Date "2018.11.03"]
[Round "3"]
[White "Chai, Kang"]
[Black "Narenthran, Tharmaratnam"]
[Result "0-1"]
[WhiteElo "1537"]
[BlackElo "1955"]
[PlyCount "98"]
[EventDate "2018.11.02"]
[EventType "swiss"]
[EventRounds "9"]
[EventCountry "AUS"]
[SourceTitle "EXT 2020"]
[Source "ChessBase"]
[SourceDate "2019.10.17"]
[SourceVersion "1"]
[SourceVersionDate "2019.10.17"]
[SourceQuality "1"]

1. e4 d5 2. exd5 Qxd5 3. Nc3 Qd6 4. d4 Nf6 5. Nf3 Bg4 6. Be2 Nc6 7. Nb5 Qd7 8. h3 Bh5 9. c3 e6 10. a4 a6 11. Na3 Be7 12. 0-0 0-0 13. Bg5 Nd5 14. Bxe7 Qxe7 15. Qd2 Qf6 16. Nh2 Bg6 17. Bd3 Nce7 18. Nc4 Nf4 19. Bxg6 Nexg6 20. Ne3 Rad8 21. Qc2 h5 22. Nf3 Nxh3+ 23. Kh2 Nhf4 24. Qe4 c6 25. Rae1 Nd5 26. Qc2 Qf4+ 27. Kg1 Nh4 28. Nxh4 Qxh4 29. Nc4 Nf6 30. Re3 Qf4 31. Rf3 Qh6 32. Re1 Rd5 33. Ne5 Ng4 34. Nxg4 hxg4 35. Rg3 Rh5 36. Kf1 Qf4 37. Re4 Rh1+ 38. Ke2 Qf5 39. Rgxg4 Qh5 40. f3 f5 41. Re5 Qh2 42. Rg5 Qg1 43. Kd3 Qf1+ 44. Qe2 Qb1+ 45. Kc4 Qa2+ 46. b3 b5+ 47. Kb4 a5+ 48. Kxa5 Qxb3 49. axb5 Rb8 0-1